LEADER 01080cam2 22002653 450 001 SOB000000655 005 20120720083936.0 100 $a20010122d1954 |||||ita|0103 ba 101 $aita 102 $aIT 200 1 $a<<3: >>Procedimenti speciali di cognizione e cautelari - Procedimenti di esecuzione - Giurisdizione volontaria - Deliberazioni - Arbitrati 205 $a2 ed 210 $aMilano$cGiuffrè$d1954 215 $a546 p.$23 cm. 461 1$1001SOBE00025741$12001 $aDiritto processuale civile / Enrico Redenti ; a cura di Mario Vellani 700 1$aRedenti$b, Enrico$3AF00008368$4070$068345 801 0$aIT$bUNISOB$c20120720$gRICA 850 $aUNISOB 852 $aUNISOB$j340$m93369 912 $aSOB000000655 940 $aM 102 Monografia moderna SBN 941 $aM 957 $a340$b001112$gSI$d93369$hPessolano$rDONO$1bethb$2UNISOB$3UNISOB$420120720084004.0$520120720084023.0$6bethb 996 $aProcedimenti speciali di cognizione e cautelari - Procedimenti di esecuzione - Giurisdizione volontaria - Deliberazioni - Arbitrati$91678872 997 $aUNISOB